| 000 | 02427nam a2200385 u 4500 | ||
|---|---|---|---|
| 001 | 936224 | ||
| 005 | 20260506155555.0 | ||
| 008 | 050725s1991 eng | ||
| 020 | _a9070280434 | ||
| 035 | _a936224 | ||
| 035 | _a(OCoLC)757317212 | ||
| 040 | _ccomduadb | ||
| 041 | _aeng | ||
| 080 | _aL | ||
| 100 | 0 |
_aGonzález Casanova, Pablo _d1922- _4aut _0(isni)0000000121251923 _0(viaf)27085163 _eaut _9239281 |
|
| 245 | 1 | 0 | _aEight essays on the crisis of development in Latin America |
| 260 |
_aHolanda : _bCEDLA (Centro de Estudios y Documentacion Latinoamericanos), _c1991. |
||
| 300 | _a143 páginas | ||
| 520 | 3 | _aEl libro presenta una compilacion de articulos sobre la crisis del desarrollo en America Latina desde la perspectiva de las ciencias sociales. Los aspectos que se discuten de la crisis incluyen la insercion de la region en la economia mundial, la crisis agraria e industrial, el impacto social de los sectores pobres de la poblacion, la perspectiva para la democratizacion y el papel de los nuevos movimientos de resistencia. Contiene los siguientes ensayos: "The crisis in Latin America as a global phenomenon", Latin America in the world economy", "Land, hunger and power: the agrarian crisis in Latin America", "Rise and decline of industrialization in Latin America", "The social impact of the crisis of development: adjustment with a woman's face", "Political transition in the Latin America: the unchallenged imposition of formal democracy", Power and protest in Latin America", "The crisis of development in Latin America". | |
| 650 |
_aIndustrializacion - America Latina _940088 |
||
| 650 |
_aAmerica Latina y El Caribe - Economía _979681 |
||
| 650 |
_aPolítica agraria - América Latina _98587 |
||
| 650 | 7 |
_aDemocracia _zAmérica Latina _2lemb _942005 |
|
| 650 |
_aSistemas politicos - America Latina _9175326 |
||
| 650 | 7 |
_aMovimientos sociales _zAmérica Latina _2lemb _936081 |
|
| 650 |
_aDesarrollo - América Latina _9121671 |
||
| 700 | 1 | 0 |
_aFitzgerald, Edmund Valpy Knox _4aut _eaut _9533572 |
| 700 | 1 | 0 |
_aRedclift, Michael _4aut _eaut _9505292 |
| 700 | 1 | 0 |
_aFortin, Carlos _4aut _eaut _9497690 |
| 700 | 1 | 0 |
_aStolcke, Verena _4aut _eaut _9504513 |
| 700 | 1 | 0 |
_aRojas, Fernando _4aut _eaut |
| 700 | 1 | 0 |
_aTouraine, Alain, _d1925-2023 _4aut _eaut _9242145 |
| 700 | 1 | 0 |
_aCardoso, Fernando Henrique, _d1931- _4aut _0(isni)0000 0001 2144 694X _0(viaf)97719834 _eaut _9242297 |
| 942 | _cBOOK | ||
| 999 |
_c359727 _d359727 |
||